000 00842nam a2200253 i 4500
003 DO-SdBNP
005 20250827142924.0
007 ta
008 250827t2013 dr a 000 0 spa d
040 _aDO-SdBNP
_bspa
_cBNPHU
_erda
041 _aspa
082 _axxxx
_bC957
_222
100 1 _aCruz, José Miguel
_eautor
_4aut.
_987721
245 1 0 _aColita Blanca :
_bedición especial para leer y colorear /
_cJosé Miguel Cruz ; ilustraciones, Cristian Hernández
264 1 _aSanto Domingo :
_bEditora Amigo del Hogar,
_c2013.
300 _a19 páginas
_bilustraciones
_c20 cm.
336 _atexto
_btxt
_2rdacontent
337 _asin mediación
_bn
_2rdamedia
338 _avolumen
_bnc
_2rdacarrier
590 _aInventariado, 2025/ YL
700 1 _aHernández, Cristian
_eilustrador
_4il.
_988539
910 _aYLockward
942 _2ddc
_cLF2
999 _c59834
_d59834